| 000 | 00808cab a2200253 4500 | ||
|---|---|---|---|
| 001 | WB3244-16 | ||
| 008 | 090401t1996 xxu||||| |||| 00| 0 eng d | ||
| 035 | _a(Sirsi) u56206 | ||
| 041 | _aeng | ||
| 245 | _aDemolition bill for cliff top home | ||
| 260 | _c1996 | ||
| 350 | _a0 | ||
| 490 |
_aIndependent _v22 November 1996, 10(1) |
||
| 520 | _aA homeowner forced to abandon a clifftop home due to extensive coastal erosion faces a demolition bill from the local authority. A compensation claim for loss of their home will go to the Lands Tribunal in 1997. | ||
| 650 | _aBUILDING ACT 1984 | ||
| 650 | _aCOASTAL EROSION | ||
| 650 | _aCOMPENSATION | ||
| 650 | _aDEMOLITION | ||
| 650 | _aDOMESTIC PROPERTY | ||
| 650 | _aUNSAFE STRUCTURES | ||
| 690 | _aLAND | ||
| 942 | _n0 | ||
| 948 | _c04/03/1997 | ||
| 999 |
_c34281 _d34281 |
||